Nové pohledy a přístupy k řízení projektů informačních systémů
Nové prístupy k riadeniu projektov informačných systémov a to nie len v polohe strategickej, ale aj v rovine základných projektových aktivít v kontexte prístupov metodik naviazaných na riešenie projektov európskych štrukturálnych fondov. Proces plánovania informačného systému v koncepte pracovných b...
Salvato in:
| Autore principale: | |
|---|---|
| Natura: | Capitolo di libro |
| Lingua: | ceco |
| Soggetti: | |
| Tags: |
Nessun Tag, puoi essere il primo ad aggiungerne!!
|
MARC
| LEADER | 00000nla$a2200000$$$4500 | ||
|---|---|---|---|
| 001 | 0051787 | ||
| 005 | 20231106104152.8 | ||
| 041 | 0 | |a cze | |
| 044 | |a SK | ||
| 245 | 1 | 0 | |a Nové pohledy a přístupy k řízení projektů informačních systémů |c Vladimír Krajčík |
| 520 | |a Nové prístupy k riadeniu projektov informačných systémov a to nie len v polohe strategickej, ale aj v rovine základných projektových aktivít v kontexte prístupov metodik naviazaných na riešenie projektov európskych štrukturálnych fondov. Proces plánovania informačného systému v koncepte pracovných balíčkov európskych projektov informačných systémov. Komplexné chápanie tohto procesu a jeho personálne a organizačné zabezpečenie. | ||
| 610 | 2 | 0 | |a projekty |
| 610 | 2 | 0 | |a systémy informačné |
| 610 | 2 | 0 | |a fondy štruktúrne |
| 610 | 2 | 0 | |a zabezpečenie personálne |
| 610 | 2 | 0 | |a zabezpečenie organizačné |
| 610 | 2 | 0 | |a riadenie projektové |
| 100 | 1 | |a Krajčík, Vladimír | |